[Event "Summer Prague Open 2025 - A"]
[Site "Olympik hotel, Sokolovska 138, Praha"]
[Date "2025.08.13"]
[Round "6"]
[Board "9"]
[White "Toman, Ondrej"]
[Black "Mrinmoy, Rajkhowa"]
[Result "1-0"]
[WhiteElo "2311"]
[BlackElo "2068"]
[PlyCount "0"]
[EventDate "2025.08.08"]
[EventRounds "9"]
[EventCountry "CZE"]

1. d4 Nf6 2. c4 e6 3. Nf3 Bb4+ 4. Bd2 Qe7 5. a3 Bxd2+ 6. Qxd2 O-O 7. Nc3 d6 8. e4
e5 9. d5 a5 10. Bd3 Bg4 11. Ng1 Na6 12. h3 Bd7 13. Nge2 Nc5 14. Bc2 a4 15. Ng3 Rfb8
16. O-O b5 17. cxb5 Bxb5 18. Rfe1 g6 19. Na2 Nfd7 20. Re3 Nb6 21. Rc3 Nc4 22. Qc1
Na5 23. Rb1 Rb6 24. Nb4 Kg7 25. Qd1 Qd7 26. h4 Bc4 27. Qd2 Qe7 28. h5 h6 29. Re1
Qg5 30. Qd1 Bb5 31. Nf5+ Kh7 32. Rg3 Qf6 33. Ne3 Bd7 34. Rf3 Qg7 35. hxg6+ fxg6 36.
g3 Rbb8 37. Kg2 Nab3 38. g4 Nd4 39. Rh3 Rf8 40. Reh1 Rf4 41. Nd3 Nxd3 42. Bxd3 Raf8
43. f3 Rxf3 44. Rxf3 Rxf3 45. Qc1 h5 46. Nf5 Bxf5 47. exf5 Rxd3 48. fxg6+ Kg8 49.
Qg5 Qf8 50. Rf1 Rf3 51. Qxh5 Qe7 52. Rxf3 Nxf3 53. Kxf3 e4+ 54. Ke3 Qg7 55. Qh7+
 1-0

[Event "Summer Prague Open 2025 - A"]
[Site "Olympik hotel, Sokolovska 138, Praha"]
[Date "2025.08.13"]
[Round "6"]
[Board "10"]
[White "Kulhanek, Tomas"]
[Black "Kozissnik, Christian"]
[Result "1-0"]
[WhiteElo "2289"]
[BlackElo "2062"]
[PlyCount "0"]
[EventDate "2025.08.08"]
[EventRounds "9"]
[EventCountry "CZE"]

1. e4 d6 2. d4 Nf6 3. Nc3 g6 4. Be3 Bg7 5. Qd2 Nc6 6. f3 e5 7. d5 Ne7 8. O-O-O a6
9. Bh6 Bxh6 10. Qxh6 Nh5 11. Nge2 Ng8 12. Qe3 Qf6 13. g3 g5 14. Bg2 Ne7 15. h4 h6
16. hxg5 hxg5 17. Rh2 g4 18. Rdh1 Qg6 19. f4 f6 20. f5 Qf7 21. Nd1 Bd7 22. Nf2 O-O-O
23. Nxg4 Bb5 24. Bf3 Qg7 25. Rxh5 Rxh5 26. Rxh5 Ng8 27. Nc3 Be8 28. Rh1 Kb8 29. b3
Rc8 30. Kb2 b6 31. Be2 Kb7 32. a4 c5 33. dxc6+ Bxc6 34. Qd3  1-0

[Event "Summer Prague Open 2025 - A"]
[Site "Olympik hotel, Sokolovska 138, Praha"]
[Date "2025.08.13"]
[Round "6"]
[Board "11"]
[White "Mrazek, Adam"]
[Black "Lever, Erwan"]
[Result "1-0"]
[WhiteElo "2043"]
[BlackElo "2226"]
[PlyCount "0"]
[EventDate "2025.08.08"]
[EventRounds "9"]
[EventCountry "CZE"]

1. c4 e6 2. g3 Nf6 3. Bg2 d5 4. Nf3 dxc4 5. Qa4+ Bd7 6. Qxc4 c5 7. Ne5 Qc8 8. a4
Nc6 9. Nxd7 Qxd7 10. a5 Be7 11. O-O O-O 12. d3 Rfd8 13. Nc3 Rac8 14. Bd2 Nd4 15.
Kh1 h5 16. Qa4 g6 17. Rfd1 Ng4 18. Kg1 Kg7 19. e3 Nc6 20. Ne4 f5 21. Bc3+ e5 22.
h3 Nh6 23. Nd2 Bf6 24. Nf3 Nf7 25. h4 Rc7 26. Kh2 Nh6 27. Ng5 a6 28. Qc4 Bxg5 29.
hxg5 Ng4+ 30. Kg1 Nd4 31. Rd2 Qe7 32. Rc1 Qxg5 33. exd4 exd4 34. Bxd4+ Rxd4 35. Qxd4+
cxd4 36. Rxc7+ Kh6 37. Re2 f4 38. Ree7 Nf6 39. gxf4 Qxf4 40. Rf7 h4 41. Rc8 Qg4 42.
Rcf8 Qd1+ 43. Bf1 Ng4 44. Rh8+  1-0

[Event "Summer Prague Open 2025 - A"]
[Site "Olympik hotel, Sokolovska 138, Praha"]
[Date "2025.08.13"]
[Round "6"]
[Board "12"]
[White "Brejnik, Gustav"]
[Black "Sokolovsky, Jakub"]
[Result "1-0"]
[WhiteElo "2220"]
[BlackElo "2051"]
[PlyCount "0"]
[EventDate "2025.08.08"]
[EventRounds "9"]
[EventCountry "CZE"]

1. d4 Nf6 2. c4 g6 3. Nc3 d5 4. cxd5 Nxd5 5. e4 Nxc3 6. bxc3 Bg7 7. Bc4 c5 8. Ne2
O-O 9. O-O Nc6 10. Be3 Bg4 11. f3 Na5 12. Bxf7+ Rxf7 13. fxg4 Rxf1+ 14. Kxf1 Qd6
15. e5 Nc4 16. Bf2 Qd5 17. dxc5 Qf7 18. Kg1 Rf8 19. Bh4 Ne3 20. e6 Qxe6 21. Qb3 Nd5
22. Nd4 Qe3+ 23. Kh1 e6 24. h3 Bxd4 25. cxd4 Qxd4 26. Rc1 Qd2 27. Rd1 Qb4 28. Qxb4
Nxb4 29. Rb1 a5 30. a3 Nd3 31. Be7 Rc8 32. Rb5 a4 33. Kg1 Rc7 34. Bd6 Rf7 35. Ra5
Nb2 36. Ra8+  1-0

[Event "Summer Prague Open 2025 - A"]
[Site "Olympik hotel, Sokolovska 138, Praha"]
[Date "2025.08.13"]
[Round "6"]
[Board "13"]
[White "Rosen, Bernd"]
[Black "Muller, Maxime"]
[Result "1/2-1/2"]
[WhiteElo "2181"]
[BlackElo "2043"]
[PlyCount "0"]
[EventDate "2025.08.08"]
[EventRounds "9"]
[EventCountry "CZE"]

1. Nf3 d5 2. g3 Nf6 3. Bg2 e6 4. O-O Be7 5. c4 O-O 6. b3 d4 7. e3 c5 8. Ne5 Bd6 9.
exd4 cxd4 10. f4 Qc7 11. Nd3 Nbd7 12. Ba3 Re8 13. Qc1 Bxa3 14. Nxa3 Nc5 15. Nb5 Qb6
16. Nxc5 Qxc5 17. b4 Qe7 18. Qb2 d3 19. Qe5 Rd8 20. c5 Bd7 21. Nd6 Bc6 22. f5 Bxg2
23. Kxg2 b6 24. fxe6 Qxe6 25. Qxe6 fxe6 26. Rae1 bxc5 27. bxc5 Nd7 28. c6 Nc5 29.
Nf7 Rd5 30. Re5 Rc8 31. Rxd5 exd5 32. Ne5 Ne4 33. Rf7 Rxc6 34. Rxg7+ Kxg7 35. Nxc6
Nxd2 36. Kf2 Nc4 37. Nxa7 Kf6 38. Nc6 Kf5 39. h3 Ke4 40. Nb4 Kd4 41. Ke1 Ne3 42.
a4 Kc4 43. Na2 Nc2+ 44. Kd2 Nd4 45. g4 Nb3+ 46. Kd1 Nc5 47. a5 Kb3 48. Nc1+ Kc3 49.
h4 Ne4 50. Na2+ Kd4 51. Nb4 Nc3+ 52. Kd2 Ne4+ 53. Ke1 d2+ 54. Ke2 Kc3 55. Nxd5+ Kc2
56. Ne3+ Kc1 57. a6 Nc3+ 58. Kf2 Nd5 59. a7 Nxe3 60. a8=Q d1=Q 61. Qa1+ Kd2 62. Qd4+
Kc2 63. Qxd1+ Nxd1+ 64. Kf3 Kd3 65. g5 Kd4 66. Kf4 Kd5 67. Kf5 Ne3+ 68. Kf6 Ke4 69.
h5 Nd5+ 70. Kf7 Kf5 71. Kg7  1/2-1/2

[Event "Summer Prague Open 2025 - A"]
[Site "Olympik hotel, Sokolovska 138, Praha"]
[Date "2025.08.13"]
[Round "6"]
[Board "14"]
[White "Mannion, Stephen R"]
[Black "Posluszny, Tomasz"]
[Result "1-0"]
[WhiteElo "2179"]
[BlackElo "2036"]
[PlyCount "0"]
[EventDate "2025.08.08"]
[EventRounds "9"]
[EventCountry "CZE"]

1. e4 c5 2. Nf3 d6 3. d4 cxd4 4. Nxd4 Nf6 5. Nc3 g6 6. Be3 Nc6 7. f3 h5 8. Qd2 Nxd4
9. Bxd4 Bh6 10. Qf2 Qa5 11. Bb5+ Kf8 12. O-O e5 13. Be3 Bxe3 14. Qxe3 Be6 15. Rfd1
Qc7 16. Rd2 Kg7 17. Rad1 Rhd8 18. h3 a6 19. Be2 b5 20. a3 Rd7 21. f4 exf4 22. Qxf4
Qc5+ 23. Qf2 Qe5 24. Qd4 Rad8 25. a4 b4 26. Qxb4 Bxh3 27. Qd4 Qg5 28. Bxa6 Kh7 29.
Rf1 Ng4 30. Nd5 Ne5 31. Nf6+ Kg7 32. Nxd7 Rxd7 33. Bc8  1-0

[Event "Summer Prague Open 2025 - A"]
[Site "Olympik hotel, Sokolovska 138, Praha"]
[Date "2025.08.13"]
[Round "6"]
[Board "15"]
[White "Smilek, Petr"]
[Black "Lihotsky, Lukas"]
[Result "0-1"]
[WhiteElo "1980"]
[BlackElo "2153"]
[PlyCount "0"]
[EventDate "2025.08.08"]
[EventRounds "9"]
[EventCountry "CZE"]

1. e4 c6 2. d4 d5 3. e5 Bf5 4. h4 h5 5. Bd3 Bxd3 6. Qxd3 Qa5+ 7. Nd2 e6 8. Ngf3 Nh6
9. O-O Nf5 10. c4 Be7 11. g3 Nd7 12. b3 Qa6 13. a4 b6 14. Ba3 Bxa3 15. Rxa3 c5 16.
Qb1 Qb7 17. b4 cxd4 18. Rd3 dxc4 19. Nxc4 Qd5 20. Qb3 O-O 21. Rfd1 Rfc8 22. Nxd4
Qxc4 23. Nxf5 Qxb3 24. Rxb3 Rc7 25. Ne7+ Kh7 26. Nc6 Nf8 27. b5 Nd7 28. Rbd3 Nc5
29. Rd4 a6 30. Rd8 Rxd8 31. Rxd8 axb5 32. axb5 Kg6 33. f4 Ne4 34. Rb8 Nc3 35. Rxb6
Nxb5 36. Ne7+ Rxe7 37. Rxb5 Kf5 38. Kf2 Kg4 39. Ke3 Ra7 40. Rb4 Ra3+ 41. Ke4 Kxg3
42. f5 Kxh4 43. fxe6 fxe6 44. Rb6 Ra4+ 45. Ke3 Kg5 46. Rxe6 Kf5 47. Re7 g6 48. Kf3
Ra3+ 49. Kf2 Ra5 50. e6 Re5  0-1

[Event "Summer Prague Open 2025 - A"]
[Site "Olympik hotel, Sokolovska 138, Praha"]
[Date "2025.08.13"]
[Round "6"]
[Board "16"]
[White "Mamyrov, Beybarys"]
[Black "Flasik, Radoslav"]
[Result "1-0"]
[WhiteElo "1960"]
[BlackElo "2143"]
[PlyCount "0"]
[EventDate "2025.08.08"]
[EventRounds "9"]
[EventCountry "CZE"]

1. d4 d5 2. c4 e6 3. Nc3 Nf6 4. cxd5 exd5 5. Bg5 c6 6. e3 h6 7. Bh4 Bd6 8. Bd3 O-O
9. Nge2 Re8 10. Qc2 Nbd7 11. Bg3 Nf8 12. O-O Be6 13. Rae1 Rc8 14. Nf4 c5 15. dxc5
Bxc5 16. Nxe6 Nxe6 17. Qb3 Bb6 18. Bb5 Nc5 19. Qb4 Re7 20. Rd1 a6 21. Be2 Ba5 22.
Qd4 Ne6 23. Qd3 Bxc3 24. bxc3 Nc5 25. Qd4 b5 26. Be5 Nce4 27. Rc1 Qe8 28. Bf4 g5
29. Bg3 Qc6 30. Bd3 Qc5 31. Be5 Nd7 32. Bxe4 Rxe5 33. Bf3 Qd6 34. Rfd1 Rc4 35. Qa7
Nf6 36. h3 Kg7 37. Rd4 Rc7 38. Qb8 Re8 39. Rxd5 Qa3 40. Qxc7 Nxd5 41. Bxd5 Qxc1+
42. Kh2 Rf8 43. Qe5+ Kg8 44. Qf6 Qc2 45. e4 Qd2 46. Qg6+ Kh8 47. Qxh6+ Kg8 48. Qg6+
Kh8 49. Qf6+ Kh7 50. g3 Qe2 51. Bxf7 Qxe4 52. Bg6+ Qxg6 53. Qxf8 Qc2 54. Qf7+ Kh6
55. Qf6+ Kh7 56. Kg2 Qxa2 57. Qxg5 a5 58. h4 a4 59. h5 Qc4 60. Qf5+ Kg8 61. Qg6+
Kh8 62. Qf6+ Kh7 63. Kh3 Qf1+ 64. Kg4 Qd1+ 65. f3 Qd7+ 66. Kh4 a3 67. Qa6 Qe7+ 68.
Kh3 Qd7+ 69. g4 Qd5 70. Qxa3 Qxf3+ 71. Kh4 Qf2+ 72. Kg5 Qe3+ 73. Kf5 Qf3+ 74. Ke5
Qe2+ 75. Kd6 Qxg4 76. Qc5 Qf3 77. Kc7 Qf7+ 78. Kb6 Qb3 79. Qb4 Qa4 80. Qxb5 Qa8 81.
Qd7+ Kg8 82. c4 Qb8+ 83. Kc6 Qa8+ 84. Kb6 Qb8+ 85. Qb7 Qd6+ 86. Kb5 Qh2 87. Qd5+
Kh7 88. c5 Qb8+ 89. Ka6 Qe8 90. Qf5+  1-0

[Event "Summer Prague Open 2025 - A"]
[Site "Olympik hotel, Sokolovska 138, Praha"]
[Date "2025.08.13"]
[Round "6"]
[Board "17"]
[White "Davidek, Zdenek"]
[Black "Slacky, Stanislav"]
[Result "1-0"]
[WhiteElo "2122"]
[BlackElo "2007"]
[PlyCount "0"]
[EventDate "2025.08.08"]
[EventRounds "9"]
[EventCountry "CZE"]

1. e4 e5 2. Nf3 f5 3. Nxe5 Qf6 4. d4 d6 5. Nc4 fxe4 6. Ne3 Ne7 7. Nc3 Nf5 8. Ned5
Qd8 9. Nxe4 c6 10. Ne3 d5 11. Ng3 Nd6 12. Bd3 Be7 13. O-O Bf6 14. c4 dxc4 15. Nxc4
Be6 16. Re1 Kf7 17. Ne5+ Kf8 18. Qh5 Nf7 19. Qe2 Qxd4 20. Nf3  1-0

[Event "Summer Prague Open 2025 - A"]
[Site "Olympik hotel, Sokolovska 138, Praha"]
[Date "2025.08.13"]
[Round "6"]
[Board "18"]
[White "Giraldi, Edoardo"]
[Black "Dobrovolsky, Ladislav"]
[Result "1/2-1/2"]
[WhiteElo "2038"]
[BlackElo "2103"]
[PlyCount "0"]
[EventDate "2025.08.08"]
[EventRounds "9"]
[EventCountry "CZE"]

1. e4 d6 2. d4 Nf6 3. Nc3 c6 4. f4 g6 5. Nf3 Bg7 6. Bd3 O-O 7. O-O Qb6 8. Kh1 Bg4
9. e5 Ne8 10. Be3 Qxb2 11. Qd2 Qb6 12. h3 Bxf3 13. Rxf3 Qc7 14. Raf1 Nd7 15. Ne4
d5 16. Ng3 c5 17. c3 e6 18. Qf2 c4 19. Bb1 f5 20. Ne2 Qd8 21. g4 Nc7 22. Rg3 Qe7
23. Ng1 Kf7 24. Nf3 Ke8 25. Qg2 Nb6 26. gxf5 exf5 27. Ng5 Bh6 28. Bc2 Bxg5 29. Rxg5
Ne6 30. Rg3 Rd8 31. Bd1 Qa3 32. Qc2 Kd7 33. Bc1 Qe7 34. a4 a5 35. Qb2 Kc7 36. Bd2
Ra8 37. Bc2 Ra6 38. Rb1 Rf7 39. Rf3 h6 40. Rg1 Rg7 41. Rfg3 Qf7 42. Rf3 Qe8 43. Qa3
Nc8 44. Rb1 Rb6 45. Rxb6 Kxb6 46. Rf1 Ka7 47. Qc1 Ne7 48. Qb2 g5 49. Rb1 Qc6 50.
Rg1 Qe8 51. Rb1 Qc6 52. Rg1 Ng6 53. fxg5 hxg5 54. Bxg5 Nxe5 55. Be3 Rxg1+ 56. Bxg1
Nd3 57. Bxd3 cxd3 58. Qd2 Qc4 59. h4 Ng7 60. Be3 Nh5 61. Kg2 f4 62. Bf2 Qc8 63. Qxd3
Qg4+ 64. Kf1 f3 65. Qb5 Qh3+ 66. Ke1 Qe6+ 67. Kf1 b6 68. Qd3 Qh3+ 69. Ke1 Nf4 70.
Qh7+ Ka6 71. Qg8 Qe6+ 72. Qxe6 Nxe6 73. Be3 b5 74. axb5+ Kxb5 75. h5 a4 76. h6 Nf8
77. Bc1 Kc4 78. Kf2 Kxc3 79. Kxf3 Kxd4 80. Kf4 Kc3 81. Kf5 d4 82. Kf6 Kc2 83. Kf7
Nh7 84. Kg6 Kxc1 85. Kxh7 d3 86. Kg6 d2 87. h7 d1=Q 88. h8=Q a3 89. Qa1+ Kc2 90.
Qxa3 Qd3+ 91. Qxd3+  1/2-1/2

[Event "Summer Prague Open 2025 - A"]
[Site "Olympik hotel, Sokolovska 138, Praha"]
[Date "2025.08.13"]
[Round "6"]
[Board "19"]
[White "Toniolo, Samuel"]
[Black "Grzesik, Norbert"]
[Result "1/2-1/2"]
[WhiteElo "2078"]
[BlackElo "1958"]
[PlyCount "0"]
[EventDate "2025.08.08"]
[EventRounds "9"]
[EventCountry "CZE"]

1. e4 c5 2. Nf3 Nc6 3. d4 cxd4 4. Nxd4 e5 5. Nb5 d6 6. N1c3 a6 7. Na3 Be6 8. Nc4
Rb8 9. Nd5 Bxd5 10. exd5 Nce7 11. a4 Nf6 12. g4 Qc7 13. b3 Nfxd5 14. Bg2 b5 15. axb5
axb5 16. Bxd5 Nxd5 17. Qxd5 bxc4 18. Ra8 Rxa8 19. Qxa8+ Qd8 20. Qc6+ Qd7 21. Qxc4
d5 22. Qa4 Qxa4 23. bxa4 Kd7 24. Ke2 Bb4 25. Bd2 Bxd2 26. Kxd2 Ra8 27. Ra1 Kc6 28.
Ra3 Ra7 29. g5 Kc5 30. Rc3+ Kb4 31. Rh3 f6 32. Rxh7 fxg5 33. Rh5 Rf7 34. Ke2 Kxa4
35. Rxg5 Re7 36. f4 exf4+ 37. Kf3 Rd7 38. Kxf4 Kb4 39. Ke5 Kc5 40. Ke6 Rd6+ 41. Ke7
Rh6 42. Rg2 g5 43. Kf7 Kc4 44. Kg7 Rh5 45. Kg6 Rh8 46. Re2 g4 47. Kf5 Rg8 48. Rg2
Kc3 49. Ke5 Rg5+ 50. Kf6 Rg8 51. Ke5 Rg5+ 52. Kf6 Rg8 53. Ke6 d4 54. Kf7 Rh8 55.
Kg7 Rh3 56. Kf6 Rh8 57. Ke6 Rh5 58. Kf6 Rh8 59. Ke5 Re8+ 60. Kf4 Rg8 61. Kg3 Rg7
62. Rf2 Rg8 63. Rf4 Rd8 64. Rf2 Rg8 65. Rf4 Rd8 66. Rf2 Rg8 67. Re2 Rg7 68. Kf4 Rg8
69. Rg2 Rg7 70. Ke5 Rg8 71. Kd6 Rg7 72. h3 gxh3 73. Rxg7 Kxc2 74. Rc7+ Kb2 75. Ke5
d3 76. Kf4 d2 77. Rd7 Kc2 78. Rxd2+ Kxd2 79. Kg3 h2 80. Kxh2  1/2-1/2

[Event "Summer Prague Open 2025 - A"]
[Site "Olympik hotel, Sokolovska 138, Praha"]
[Date "2025.08.13"]
[Round "6"]
[Board "20"]
[White "Grezels, Florian"]
[Black "De La Torre, Igor"]
[Result "1-0"]
[WhiteElo "2340"]
[BlackElo "2038"]
[PlyCount "0"]
[EventDate "2025.08.08"]
[EventRounds "9"]
[EventCountry "CZE"]

1. e4 c5 2. Nf3 Nc6 3. Bb5 g6 4. Bxc6 dxc6 5. d3 Bg7 6. h3 e5 7. Be3 Qe7 8. Nc3 Nf6
9. Qd2 Nd7 10. Bh6 f6 11. O-O Nf8 12. Rae1 Ne6 13. Nh2 g5 14. Bxg7 Qxg7 15. Ne2 h5
16. b4 b6 17. bxc5 bxc5 18. Kh1 Nf4 19. Nxf4 gxf4 20. Qa5 Qe7 21. Rb1 Be6 22. Qa6
Qc7 23. Rb7 Qc8 24. Rfb1 Rh7 25. Nf3 Rg7 26. Kh2 Kf8 27. Nh4 Ke8 28. a3 Kf8 29. a4
Ke8 30. a5 Kf8 31. Rxg7 Qxa6 32. Rbb7  1-0

[Event "Summer Prague Open 2025 - A"]
[Site "Olympik hotel, Sokolovska 138, Praha"]
[Date "2025.08.13"]
[Round "6"]
[Board "21"]
[White "Jiricek, Jakub"]
[Black "Petr, Jakub"]
[Result "0-1"]
[WhiteElo "1986"]
[BlackElo "2292"]
[PlyCount "0"]
[EventDate "2025.08.08"]
[EventRounds "9"]
[EventCountry "CZE"]

1. e4 c5 2. Nf3 d6 3. d4 cxd4 4. Nxd4 Nf6 5. Nc3 a6 6. Be2 e5 7. Nb3 Be7 8. O-O O-O
9. Be3 Be6 10. Nd5 Nxd5 11. exd5 Bf5 12. c4 Nd7 13. Qd2 a5 14. a4 Bg6 15. Rac1 b6
16. f4 exf4 17. Bxf4 Nc5 18. Nxc5 bxc5 19. Rf3 Rb8 20. b3 Re8 21. Bd3 Bxd3 22. Qxd3
Bg5 23. Bxg5 Qxg5 24. Rcf1 f6 25. Rg3 Qe5 26. Qd2 Rb4 27. Qh6  0-1

[Event "Summer Prague Open 2025 - A"]
[Site "Olympik hotel, Sokolovska 138, Praha"]
[Date "2025.08.13"]
[Round "6"]
[Board "22"]
[White "Zelezny, Jan"]
[Black "Toroptseva, Yevheniia"]
[Result "1-0"]
[WhiteElo "1980"]
[BlackElo "2201"]
[PlyCount "0"]
[EventDate "2025.08.08"]
[EventRounds "9"]
[EventCountry "CZE"]

1. e4 c5 2. Nf3 Nc6 3. d4 cxd4 4. Nxd4 Nf6 5. Nc3 e6 6. Nxc6 bxc6 7. e5 Nd5 8. Ne4
Qc7 9. f4 Qb6 10. c4 Bb4+ 11. Ke2 f5 12. exf6 Nxf6 13. Be3 Qd8 14. Nd6+ Bxd6 15.
Qxd6 Bb7 16. Rd1 Rc8 17. g4 c5 18. Rg1 Ne4 19. Qe5 Qe7 20. Bg2 d6 21. Qh5+ g6 22.
Qh6 Rf8 23. Rd3 Rd8 24. Rgd1 Rf7 25. Qh3 Qc7 26. Bc1 Qc6 27. Ke1 Qa6 28. b3 Qa5+
29. Kf1 Qxa2 30. Bxe4 Bxe4 31. Rxd6 Rxd6 32. Rxd6 Ke7 33. Rd2 Qa1 34. Qh4+ Kf8 35.
Rd8+ Kg7 36. Qe1 e5 37. f5 Qb1 38. Qe3 Bxf5 39. Qh6+ Kf6 40. gxf5 Qxf5+ 41. Ke1 Ke6
42. Kd1 Qg4+ 43. Kc2 Rf1 44. Qe3 Qf5+ 45. Kb2 Rf2+ 46. Bd2 e4 47. Rd5 Qf6+ 48. Kc2
Kf7 49. Qxe4 Qe6 50. Re5 Qd6 51. Qb7+ Kf6 52. Rd5 Qe6 53. Qb8 Kg7 54. Qc7+ Rf7 55.
Qxc5 h6 56. Bc3+ Kh7 57. Re5 Qd7 58. Qe3 Qb7 59. Bd2 g5 60. Qd3+ Kg7 61. Re2 Qb6
62. Bc3+ Kf8 63. Qe4 Qb8 64. Qd4 Rh7 65. Qf6+ Kg8 66. Qg6+ Kf8 67. Qxh7  1-0

[Event "Summer Prague Open 2025 - A"]
[Site "Olympik hotel, Sokolovska 138, Praha"]
[Date "2025.08.13"]
[Round "6"]
[Board "23"]
[White "Vilimek, Vit"]
[Black "Olsen, Aage Dalstrup"]
[Result "1-0"]
[WhiteElo "2159"]
[BlackElo "1986"]
[PlyCount "0"]
[EventDate "2025.08.08"]
[EventRounds "9"]
[EventCountry "CZE"]

1. e4 c5 2. Nf3 d6 3. d4 cxd4 4. Nxd4 Nf6 5. Nc3 g6 6. Be3 Bg7 7. f3 h5 8. Qd2 Bd7
9. O-O-O Nc6 10. Be2 Rc8 11. h3 Ne5 12. g4 Nc4 13. Bxc4 Rxc4 14. g5 Nh7 15. f4 a6
16. f5 Qa5 17. Qd3 b5 18. fxg6 fxg6 19. e5 Bxe5 20. Qxg6+ Kd8 21. Nb3 Qc7 22. Nd5
Be8 23. Qd3 Qb8 24. Bb6+ Kd7 25. Rhe1 Bf7 26. Rxe5 dxe5 27. Nf6+ Kc6 28. Na5+ Kxb6
29. Nd7+ Kxa5 30. Qa3+  1-0

[Event "Summer Prague Open 2025 - A"]
[Site "Olympik hotel, Sokolovska 138, Praha"]
[Date "2025.08.13"]
[Round "6"]
[Board "24"]
[White "Mylonas, Konstantinos"]
[Black "Moser, Axel"]
[Result "1/2-1/2"]
[WhiteElo "1974"]
[BlackElo "2137"]
[PlyCount "0"]
[EventDate "2025.08.08"]
[EventRounds "9"]
[EventCountry "CZE"]

1. b3 e5 2. Bb2 Nc6 3. e3 d5 4. Nf3 e4 5. Nd4 Nxd4 6. Bxd4 a6 7. d3 Nf6 8. c4 Bb4+
9. Bc3 Qe7 10. Qd2 Bd6 11. cxd5 O-O 12. Bxf6 Qxf6 13. d4 Bd7 14. Nc3 Qg6 15. g3 b5
16. Bg2 Rae8 17. h4 Bg4 18. Qc2 f5 19. Ne2 Bxe2 20. Qxe2 Bb4+ 21. Kf1 Qf7 22. Rc1
Bd6 23. Bh3 Qxd5 24. Qc2 Qf7 25. Kg2 Re6 26. Rhf1 Rg6 27. Kh1 Rh6 28. f4 Rf6 29.
Qe2 h5 30. Rc6 Ra8 31. Rfc1 g6 32. Bf1 Kg7 33. Qb2 Qd5 34. Qc2 Rff8 35. Qc3 Kh6 36.
Qa5 Rfb8 37. R1c2 Ra7 38. Kg1 Rba8 39. Kf2 Qf7 40. Qd2  1/2-1/2

[Event "Summer Prague Open 2025 - A"]
[Site "Olympik hotel, Sokolovska 138, Praha"]
[Date "2025.08.13"]
[Round "6"]
[Board "25"]
[White "Pick, Stepan"]
[Black "Horacek, Michal"]
[Result "0-1"]
[WhiteElo "1961"]
[BlackElo "2115"]
[PlyCount "0"]
[EventDate "2025.08.08"]
[EventRounds "9"]
[EventCountry "CZE"]

1. Nf3 Nf6 2. c4 d6 3. Nc3 g6 4. d4 Bg7 5. e4 O-O 6. Be2 e5 7. O-O Nc6 8. d5 Ne7
9. b4 Nh5 10. Re1 Nf4 11. Bxf4 exf4 12. Rc1 a5 13. b5 b6 14. Nd4 g5 15. f3 Bxd4+
16. Qxd4 Ng6 17. Nd1 Qe7 18. Nf2 Bd7 19. Nd3 Rae8 20. Kf2 f6 21. Rg1 f5  0-1

[Event "Summer Prague Open 2025 - A"]
[Site "Olympik hotel, Sokolovska 138, Praha"]
[Date "2025.08.13"]
[Round "6"]
[Board "26"]
[White "Kala, Jakub"]
[Black "Kuhn, Ulf"]
[Result "0-1"]
[WhiteElo "1948"]
[BlackElo "2105"]
[PlyCount "0"]
[EventDate "2025.08.08"]
[EventRounds "9"]
[EventCountry "CZE"]

1. e4 c5 2. Nf3 e6 3. b3 b6 4. Bb2 Bb7 5. Nc3 Nf6 6. d3 d5 7. exd5 exd5 8. Qd2 d4
9. Ne4 Be7 10. Nxf6+ Bxf6 11. O-O-O O-O 12. Kb1 a5 13. Be2 a4 14. Rhg1 axb3 15. cxb3
Bd5 16. Rde1 Nc6 17. Bd1 Ra7 18. g4 Qa8 19. g5 Bd8 20. a3 Bc7 21. Qe2 b5 22. Nd2
Ba5 23. Ne4 Bxe4 24. dxe4 Bxe1 25. Rxe1 Qb7 26. f4 Rb8 27. Qc2 c4 28. b4 Rba8 29.
Qf2 c3 30. Bc1 d3  0-1

[Event "Summer Prague Open 2025 - A"]
[Site "Olympik hotel, Sokolovska 138, Praha"]
[Date "2025.08.13"]
[Round "6"]
[Board "27"]
[White "Koridze, Lile"]
[Black "Nilsson, Patrik 1968"]
[Result "1/2-1/2"]
[WhiteElo "2110"]
[BlackElo "1967"]
[PlyCount "0"]
[EventDate "2025.08.08"]
[EventRounds "9"]
[EventCountry "CZE"]

1. d4 Nf6 2. c4 g6 3. Nc3 Bg7 4. e4 d6 5. Nf3 O-O 6. Be2 e5 7. Be3 exd4 8. Nxd4 Re8
9. f3 c6 10. O-O d5 11. cxd5 Nxd5 12. Bf2 Nf4 13. Nc2 Nd7 14. Qe1 Qg5 15. Bg3 h5
16. Rd1 h4 17. Bxf4 Qxf4 18. Qd2 Be5 19. Qxf4 Bxf4 20. b4 Ne5 21. Nd4 Rd8 22. Nb3
Be6 23. b5 Nc4 24. bxc6 bxc6 25. Rxd8+ Rxd8 26. Rd1 Rxd1+ 27. Bxd1 Be5 28. Na4 Nb2
29. Nxb2 Bxb2 30. Kf2 c5 31. Ke3 c4 32. Nd4 Bc1+ 33. Ke2 Bc8 34. Ba4 a6 35. g3 hxg3
36. hxg3 Kg7 37. Bc6 Bb2 38. Nc2 f5 39. Ne3 fxe4 40. Bxe4 Be6 41. Bd5 Bxd5 42. Nxd5
Be5 43. f4 Bd6 44. a4 Kf7 45. Ne3 c3 46. Kd3 g5 47. fxg5 Bxg3 48. Kxc3 Bf4 49. g6+
Kxg6 50. Nd5 Bd6 51. Nb4 Kf7 52. Nxa6 Ke6 53. Kc4 Kd7  1/2-1/2

[Event "Summer Prague Open 2025 - A"]
[Site "Olympik hotel, Sokolovska 138, Praha"]
[Date "2025.08.14"]
[Round "7"]
[Board "1"]
[White "Prokofiev, Valentyn"]
[Black "Horak, Martin"]
[Result "1/2-1/2"]
[WhiteElo "2426"]
[BlackElo "2348"]
[PlyCount "0"]
[EventDate "2025.08.08"]
[EventRounds "9"]
[EventCountry "CZE"]

1. c4 e6 2. Nf3 d5 3. e3 Nf6 4. b3 Bd6 5. Bb2 c5 6. cxd5 exd5 7. Be2 Nc6 8. O-O O-O
9. d4 cxd4 10. Nxd4 Bc7 11. Nd2 Qd6 12. N2f3 a6 13. Nxc6 bxc6 14. Be5 Qe7 15. Bxc7
Qxc7 16. Rc1 Bb7 17. Ne1 a5 18. Nd3 Ne4 19. Nc5 Nxc5 20. Rxc5 Qb6 21. Qc2 Qb4 22.
g3 g6 23. Bf3 Rfe8 24. Kg2 a4 25. Rb1 Re7 26. a3 axb3 27. Rxb3 Qa4 28. Qb2 Bc8 29.
Rbc3 Rb7 30. Qd2 Bd7 31. h3 Rb1 32. e4 d4 33. Rd3 Rb3 34. Bd1 Qxa3 35. Bxb3 Qxc5
36. Rxd4 Be8 37. Qe3 Ra3 38. Bxf7+ Kg7 39. Bb3 Bf7 40. Rd7 Qxe3 41. Rxf7+ Kg8 42.
fxe3 Rxb3 43. Rf3 Rb2+ 44. Kf1 Kg7 45. h4 h6 46. Rf4 Rc2 47. e5 Rc5 48. e6 Re5 49.
Rf7+ Kg8 50. Ke2 Rxe6 51. Rc7 Kf8 52. Kd3 h5 53. e4 Ke8 54. Kd4 Kd8 55. Rg7 Ke8 56.
e5 Kf8 57. Rc7 Ke8 58. Ke4 Kd8 59. Rg7 Ke8 60. Kf4 Kf8 61. Rh7 Kg8 62. Rc7 Kf8 63.
Kg5 Rxe5+ 64. Kf6 Rf5+ 65. Kxg6 Rf3 66. Rc8+ Ke7 67. Kxh5 Rxg3 68. Rxc6 Rg8 69. Ra6
Rh8+ 70. Kg5 Rg8+ 71. Kf5 Rg1 72. Ra5 Kf7 73. Ra7+ Kg8 74. Kf6 Rg2 75. Rb7 Rg4 76.
h5 Rg1 77. Ra7 Rg2 78. h6 Rf2+ 79. Kg6  1/2-1/2

[Event "Summer Prague Open 2025 - A"]
[Site "Olympik hotel, Sokolovska 138, Praha"]
[Date "2025.08.14"]
[Round "7"]
[Board "2"]
[White "Stojanovic, Mihajlo"]
[Black "Jun, Rudolf"]
[Result "1-0"]
[WhiteElo "2397"]
[BlackElo "2283"]
[PlyCount "0"]
[EventDate "2025.08.08"]
[EventRounds "9"]
[EventCountry "CZE"]

1. d4 Nf6 2. c4 e6 3. Nc3 d5 4. Bg5 c6 5. e3 Be7 6. Nf3 O-O 7. Rc1 Ne4 8. Bxe7 Qxe7
9. Bd3 Nxc3 10. Rxc3 Nd7 11. Qc2 g6 12. O-O Re8 13. Rd1 Kg7 14. a3 a5 15. h3 Qf6
16. Bf1 dxc4 17. Bxc4 e5 18. d5 Nb6 19. dxc6 Nxc4 20. Rxc4 bxc6 21. Rxc6 Be6 22.
Qc3 Reb8 23. Nxe5 a4 24. Rd7 Kg8 25. Rxf7 Qxf7 26. Nxf7 Bxf7 27. e4 Re8 28. f3 Ra7
29. Rc8 Ra8 30. Rc7 Ra6 31. h4 h5 32. Kf2 Rea8 33. Kg3 Re6 34. Rc8+ Re8 35. Rxa8
Rxa8 36. Kf4 Ra7 37. Kg5 Kh7 38. Qc6 Ra5+ 39. Kf6 Ra7 40. Qb6 Rd7 41. Qc6 Ra7 42.
e5 Bb3 43. e6 Kh6 44. Qe8 Kh7 45. Qd7+ Rxd7 46. exd7 Bg8 47. d8=Q Kh8 48. Qf8 g5
49. Qg7#  1-0